Word Ladder: Read It And Weep Quiz Stats

 Plays Quiz Updated Jun 23, 2014

Support Sporcle.
Go Orange.
Score 0/20 Timer 02:00
0 Plays Today
Clue 4-Letter Word % Correct
AdorableCUTE
96.9%
Actress Blanchett of 'Elizabeth'CATE
93%
Remedy for an ailmentCURE
89.7%
Precious Yellow MetalGOLD
88.6%
Grab ontoHOLD
86.2%
Make it when blowing out birthday candlesWISH
85.4%
A cleared wooded routePATH
83.9%
A paste made of chopped liverPÂTÉ
83.7%
Part of a sentenceWORD
82.7%
Had clothes onWORE
80.9%
Clue 4-Letter Word % Correct
Golf clubWOOD
74.1%
Smart-mouthedWISE
71.9%
TelegramWIRE
70.7%
Tool used for catching fishHOOK
69.7%
Head CoveringHOOD
68.2%
What readers like to do: ''[Rung 1] up [Rung 8] a [Rung 15][Rung 20]'' ● GOOD ●
67.2%
What readers like to do: ''[Rung 1] up [Rung 8] a [Rung 15][Rung 20]'' ● BOOK ●
63.6%
What readers like to do: ''[Rung 1] up [Rung 8] a [Rung 15][Rung 20]'' ● WITH ●
61.5%
Spongy plant tissuePITH
60%
What readers like to do: ''[Rung 1] up [Rung 8] a [Rung 15][Rung 20]' ● CURL ●
52.5%

Today's Daily Dose

Missing Word
1961 Movies A-Z

Word Ladder
Study Light

Get the Picture
Bread and Butter

You're not logged in!

Compare scores with friends on all Sporcle quizzes.
OR
Log In

From the Vault

Breaking Holiday News!

by Hejman

Today's holiday headlines. Brought to you by Sporcle.
Remove Ads.
Support Sporcle.
Get the best of Sporcle when you Go Orange. This ad-free experience offers more features, more stats, and more fun while also helping to support Sporcle. Thank you for becoming a member.

Show Comments

Extras

Top Quizzes Today


Score Distribution

Your Account Isn't Verified!

In order to create a playlist on Sporcle, you need to verify the email address you used during registration. Go to your Sporcle Settings to finish the process.

Report this User

Report this user for behavior that violates our Community Guidelines.

Details: